=LDR 00000nam 2200000 4500 =001 INLIS000000000014142 =005 20130612105431 =008 ***********************************Ind** =035 ##$$0010-061300000014142 =041 ##$$a Ind =082 ##$$a 340.1 =090 ##$$a 340.1, Huk h =245 ##$$a Hukum dan logika, Hans Kelsen; alih bahasa, B.Arief Sidharta =260 ##$$a 2002 $b Bandung =300 ##$$a xvi, 126 hlm, 20,5 cm =650 ##$$a Hukum =700 ##$$a Kelsen, Hans =850 ##$$a NBPNMAT